[Event "Clarin GP final"]
[Site "Villa Gesell"]
[Date "1998.03.17"]
[Round "11"]
[White "Slipak, Sergio"]
[Black "Ginzburg, Maximiliano"]
[Result "0-1"]
[WhiteElo "2510"]
[BlackElo "2470"]
[Annotator "Huebner,R"]
[PlyCount "70"]
[EventDate "1998.03.07"]
[EventType "tourn"]
[EventRounds "11"]
[EventCountry "ARG"]
[EventCategory "10"]
[SourceTitle "CBM 064"]
[Source "ChessBase"]
[SourceDate "1998.06.02"]
[SourceVersion "1"]
[SourceVersionDate "1998.06.02"]
[SourceQuality "1"]

1. d4 d5 2. c4 c6 3. Nc3 dxc4 4. e4 b5 5. a4 b4 6. Na2 Nf6 7. e5 Nd5 8. Bxc4
Bf5 {Dies ist eine plausible Fortsetzung. Zum Ausgleich führte} (8... e6 9. Nf3
Be7 10. Bd2 a5 11. Nc1 Nd7 12. Nb3 Bb7 13. Qe2 c5 14. O-O O-O 15. Bd3 cxd4 16.
Rfc1 Qb6 $11 {1/2-1/2 Yakovich,Y-Sadler,M/EU-chTM 1997 (42)}) 9. Ne2 e6 10. Ng3
{Die Spielführung des Weißen erscheint mir zu hurtig.} (10. O-O Be7 11. Bd2 a5
12. Nac1 {ist meines Erachtens vorzuziehen.}) 10... Bg6 11. O-O Be7 12. f4 ({
Nach} 12. Bd2 a5 {ist die Drohung Sd5-b6 lästig für Weiß.}) (12. b3 O-O 13. Bb2
{nebst Sa2-c1 war aber solider.}) 12... O-O 13. f5 exf5 14. Nxf5 a5 15. Nxe7+
Qxe7 16. Qg4 $2 (16. Bxd5 cxd5 17. Bf4 {nebst Sa2-c1 hätte meinem Geschmack
mehr entsprochen. Jetzt kommt Weiß deutlich in Nachteil.}) 16... Qd7 17. Qh4 (
17. Qxd7 Nxd7 18. Bxd5 cxd5 19. Be3 Rfc8 20. Rf2 Rc6 {ist schon nicht mehr
gemütlich für Weiß.}) {Ab jetzt wird er aber mit dem Schutz des Bauern auf d4
die größten Sorgen haben.} 17... Na6 18. Bd2 Nb6 $6 (18... Nac7 {nebst Sc7-e6
gefällt mir besser.}) 19. Bxa6 Rxa6 20. Nc1 Qd5 21. Bg5 Re8 22. Qf2 c5 23. Ne2
cxd4 24. Nf4 Qd7 25. Rad1 (25. Nxg6 hxg6 26. Rad1 {bot ebenfalls
Rettungsaussichten.}) 25... Qf5 26. Rxd4 Nxa4 (26... Qxg5 27. Nxg6 {ist nicht
überzeugend.}) 27. h4 $2 ({Nach} 27. e6 fxe6 28. Nxg6 Qxf2+ 29. Rxf2 hxg6 30.
Rc2 {ist der Gewinn für Schwarz noch keineswegs einfach zu erzielen.}) 27... h6
28. Bd8 Qxe5 $19 29. h5 Be4 30. Nd3 Qxh5 31. Re1 Ra8 32. Nf4 Qf5 33. Qd2 Kh7
34. Bc7 Nc5 35. Nd5 Nb3 0-1

[Event "Mondariz zt 1.1"]
[Site "Mondariz"]
[Date "2000.09.11"]
[Round "8"]
[White "Van Wely, Loek"]
[Black "Godena, Michele"]
[Result "1-0"]
[WhiteElo "2643"]
[BlackElo "2485"]
[Annotator "Huebner,R"]
[PlyCount "81"]
[EventDate "2000.09.03"]
[EventType "swiss"]
[EventRounds "11"]
[EventCountry "ESP"]
[SourceTitle "CBM 079"]
[Source "ChessBase"]
[SourceDate "2000.11.21"]
[SourceVersion "1"]
[SourceVersionDate "2000.11.21"]
[SourceQuality "1"]

1. d4 d5 2. c4 c6 3. Nc3 e5 4. cxd5 cxd5 5. e3 e4 6. Qb3 Nf6 7. Nh3 Bd6 8. Bd2
Bc7 {Es ist die Durchstoßvariante der Französischen Verteidigung mit
umgekehrten Farben entstanden. Natürlich hat Weiß einen zusätzlichen
Entwicklungszug; dennoch sehe ich keine Möglichkeit für ihn, Vorteil zu
erzielen.} 9. f3 ({Nach} 9. Nb5 Bxh3 10. Nxc7+ Qxc7 11. gxh3 O-O {ist die
Stellung des Nachziehenden durchaus befriedigend.}) 9... exf3 10. gxf3 Nc6 11.
Nf2 a6 12. Bd3 b5 {Schwarz möchte mit dem Rochieren warten; aber auch} (12...
O-O {war einfach und gut.}) 13. a4 bxa4 ({Mindestens ebensosehr kommt} 13... b4
14. Ne2 O-O 15. Ng3 {mit etwa ausgeglichener Stellung in Betracht.}) 14. Qxa4 (
14. Nxa4 $5) 14... Bd7 15. Qa3 ({Besser gefällt mir} 15. Nb5 Bb8 16. Qa3 Qe7 ({
Nach} 16... Qb6 17. Nd6+ Bxd6 18. Qxd6 {ist die Position des Schwarzen äußerst
unerfreulich.}) 17. O-O {mit einigem Druck.}) (15. Bb5 Ne7 16. Bxd7+ Nxd7 17.
Nd3 O-O {ist weniger wirksam für Weiß.}) 15... Ba5 16. Ne2 Bxd2+ 17. Kxd2 Ne7 {
Jetzt steht der König des Weißen ein wenig exponiert, solange die Damen nicht
getauscht werden.} 18. Qd6 Rb8 19. b4 Rb6 20. Qc5 Bb5 21. Bxb5+ Rxb5 22. Qc3
Rb6 (22... Qd6 23. Nd3 O-O {sieht noch plausibler für Schwarz aus.}) 23. Rhc1 {
Weiß strebt danach, die Damen zu tauschen.} O-O 24. Qc7 Rxb4 25. Qxd8 Rxd8 26.
Rxa6 Rb2+ 27. Rc2 Rxc2+ 28. Kxc2 Nf5 29. e4 dxe4 $6 {Damit erschwert sich
Schwarz seine Aufgabe. Nach} (29... Nh4 30. e5 Ne8 31. f4 Nc7 32. Ra7 Ne6 33.
Kd3 h5 {hatte er nicht das Geringste zu fürchten.}) 30. fxe4 Ne3+ (30... Nh4 $5
) 31. Kd3 Neg4 {Vielleicht sollte Schwarz danach streben, beide Springerpaare
auf dem Brett zu halten:} (31... Ng2 $5) 32. Nxg4 Nxg4 33. h4 Ne5+ ({Nach} 
33... Re8 34. e5 (34. Ng3 g6 35. d5 (35. e5 Nxe5+ 36. dxe5 Rxe5 {führt zu
einer klaren Remisstellung.}) 35... Ne5+ {sieht nicht gefährlich für Schwarz
aus.}) 34... g6 35. Ke4 {hat Schwarz weiterhin Schwierigkeiten.}) (33... g6 {
mit der Drohung f7-f5 sieht am stärksten aus. Mit dem Textzug verschenkt
Schwarz Zeit.}) 34. Ke3 Ng4+ 35. Kf4 h5 36. e5 {Jetzt ist die Lage des
Nachziehenden schon kritisch, weil sein Springer nicht mehr ohne weiteres ins
Spiel kommt.} Rc8 $6 {Dies läßt den d-Bauern unbeaufsichtigt.} (36... g6 {
mit der Absicht, Sg4-h6-f5 zu spielen, sieht am plausibelsten aus. Nach} 37.
Kg5 Kf8 {kommt Weiß nicht ohne weiteres weiter.}) 37. Kg5 Rc2 $6 ({Die Folge} 
37... g6 38. e6 {ist schon höchst unangenehm für Schwarz; er kann leicht beide
Königsflügelbauern verlieren.}) (37... Re8 {erzwang jedoch ein unmittelbares
Remis.}) 38. Nf4 Rc4 $2 ({Mit} 38... Nh2 39. e6 fxe6 ({Nach} 39... Nf3+ 40.
Kxh5 fxe6 41. Ra8+ {fällt Schwarz demselben Mechanismus zum Opfer wie in der
Partie.}) 40. Kg6 Rc8 41. Ra7 Nf3 {konnte Schwarz noch kräftigen Widerstand
leisten, der meiner Einschätzung nach zum Remis reichen sollte:} 42. Rxg7+ Kh8
43. Nxe6 Nxh4+ {usw.}) 39. e6 (39. Ra8+ Kh7 40. e6 {führte auch zum Sieg.})
39... fxe6 (39... Rc8 40. e7 Re8 41. Nd5 {ist ebenfalls hoffnungslos für
Schwarz.}) 40. Ra8+ Kf7 41. Ng6 1-0

[Event "EU-chT (Men) 11th"]
[Site "Pula"]
[Date "1997.05.??"]
[Round "4.1"]
[White "Vaisser, Anatoli"]
[Black "Chernin, Alexander"]
[Result "0-1"]
[WhiteElo "2580"]
[BlackElo "2635"]
[Annotator "Huebner,R"]
[PlyCount "87"]
[EventDate "1997.05.05"]
[EventType "team-swiss"]
[EventRounds "9"]
[EventCountry "CRO"]
[SourceTitle "CBM 057 Extra"]
[Source "ChessBase"]
[SourceDate "1997.05.01"]
[SourceVersion "1"]
[SourceVersionDate "1997.05.01"]
[SourceQuality "1"]
[WhiteTeam "France"]
[BlackTeam "Hungary"]
[WhiteTeamCountry "FRA"]
[BlackTeamCountry "HUN"]

1. d4 d5 2. c4 c6 3. Nc3 Nf6 4. cxd5 cxd5 5. Bf4 Nc6 6. e3 a6 7. Bd3 Bg4 8.
Nge2 e6 9. Rc1 Rc8 10. O-O Be7 11. a3 Nd7 12. Rc2 Nb6 13. Qc1 Bh5 14. Bg3 Bg6
15. Nf4 O-O 16. Nxg6 hxg6 17. Nb1 Bd6 18. Nd2 Bxg3 19. hxg3 Na7 20. Nb3 Rxc2
21. Qxc2 Nd7 22. Rc1 Qb6 23. Nc5 Nxc5 24. Qxc5 Qxc5 25. dxc5 f5 26. f4 Kf7 27.
Kf2 Kf6 28. g4 fxg4 29. Kg3 Nc6 30. Kxg4 e5 31. Rd1 e4 32. Bb1 Ne7 33. Kg3 g5
34. fxg5+ Kxg5 35. Ba2 a5 36. Rc1 ({Ich sehe nicht, warum Weiß auf} 36. Bxd5 {
verzichtet.}) 36... a4 37. Bb1 Nf5+ 38. Kf2 Nd4+ 39. Ke1 Nb3 40. Rc3 Rc8 41.
Bc2 $2 ({Zum Ausgleich führt} 41. Ba2 Rxc5 42. Rxc5 Nxc5 43. Bxd5 $11) 41...
Rxc5 42. Bd1 Rxc3 43. bxc3 Kf6 44. Kf2 0-1

[Event "ISR-ch"]
[Site "Ramat Aviv"]
[Date "1998.11.10"]
[Round "2.2"]
[White "Avrukh, Boris"]
[Black "Soffer, Ram"]
[Result "1-0"]
[WhiteElo "2565"]
[BlackElo "2520"]
[Annotator "Huebner,R"]
[PlyCount "71"]
[EventDate "1998.11.08"]
[EventType "k.o."]
[EventRounds "5"]
[EventCountry "ISR"]
[SourceTitle "CBM 068"]
[Source "ChessBase"]
[SourceDate "1999.02.01"]
[SourceVersion "1"]
[SourceVersionDate "1999.02.01"]
[SourceQuality "1"]

1. d4 d5 2. c4 c6 3. Nc3 dxc4 4. e4 b5 5. a4 b4 6. Na2 Nf6 7. e5 Nd5 8. Bxc4
Bf5 {Dies ist eine plausible Fortsetzung. Zum Ausgleich führte} (8... e6 9. Nf3
Be7 10. Bd2 a5 11. Nc1 Nd7 12. Nb3 Bb7 13. Qe2 c5 14. O-O O-O 15. Bd3 cxd4 16.
Rfc1 Qb6 $11 {1/2-1/2 Yakovich,Y-Sadler,M/EU-chTM 1997 (42)}) 9. Bg5 {Dies ist
ein neuer Versuch, der von Schwarz unzureichend beantwortet wird. Ich zitiere
den wichtigsten Vorgänger:} (9. Ne2 e6 10. Ng3 {Die Spielführung des Weißen
erscheint mir zu hurtig.} (10. O-O Be7 11. Bd2 a5 12. Nac1 {ist meines
Erachtens vorzuziehen.}) 10... Bg6 11. O-O Be7 12. f4 ({Nach} 12. Bd2 a5 {
ist die Drohung Sd5-b6 lästig für Weiß.}) (12. b3 O-O 13. Bb2 {nebst Sa2-c1
war aber solider.}) 12... O-O 13. f5 exf5 14. Nxf5 a5 15. Nxe7+ Qxe7 16. Qg4 $2
(16. Bxd5 cxd5 17. Bf4 {nebst Sa2-c1 hätte meinem Geschmack mehr entsprochen.
Jetzt kommt Weiß deutlich in Nachteil.}) 16... Qd7 {0-1 Slipak,S-Ginzburg,M/
Clarin GP f 1998 (35)}) 9... h6 $6 (9... f6 {scheint mir wesentlich aktiver zu
sein.}) 10. Bh4 Nf4 $2 {Dieses Manöver kostet zu viel Zeit.} 11. Bg3 Be6 12.
Bxe6 Nxe6 13. Ne2 a5 14. O-O g6 {Die Entwicklung des Schwarzen läßt zu
wünschen übrig; außerdem leidet er an Raummangel und hat Schwächen auf der
c-Linie. Der Besitz einiger weißer Felder dürfte keinen ausreichenden Ersatz
für diese Nachteile bilden.} 15. Nec1 {In Wirklichkeit dürfte} (15. Nac1 {
gespielt worden sein.}) 15... Na6 16. Nb3 h5 17. Qc2 Qd5 18. Nxa5 h4 19. Bf4
Rc8 20. Nc4 h3 21. Ne3 Qd7 22. Rac1 hxg2 23. Rfd1 Bh6 24. Bxh6 Rxh6 25. Qe4 Ng5
26. Qxg2 Nh3+ 27. Kf1 Kf8 28. d5 cxd5 29. Qxd5 Qe8 30. Rxc8 Qxc8 31. Rc1 Qe8
32. Rc6 Qa8 33. Rb6 Qxd5 34. Nxd5 Nc5 35. a5 Kg7 36. a6 1-0

[Event "Elgoibar 08th"]
[Site "Elgoibar"]
[Date "1998.11.25"]
[Round "5"]
[White "Georgiev, Vladimir"]
[Black "Van der Wiel, John"]
[Result "1/2-1/2"]
[WhiteElo "2540"]
[BlackElo "2520"]
[Annotator "Huebner,R"]
[PlyCount "74"]
[EventDate "1998.11.11"]
[EventType "tourn"]
[EventRounds "9"]
[EventCountry "ESP"]
[EventCategory "10"]
[SourceTitle "CBM 069"]
[Source "ChessBase"]
[SourceDate "1999.04.01"]
[SourceVersion "1"]
[SourceVersionDate "1999.04.01"]
[SourceQuality "1"]

1. d4 Nf6 2. c4 c6 3. Nc3 d5 4. e3 a6 5. Bd3 b5 6. b3 Bg4 7. Nge2 Bh5 8. O-O e6
9. f3 Bg6 10. Nf4 Nbd7 11. Nxg6 hxg6 12. f4 Bb4 13. Ne2 Qa5 14. c5 Ba3 15. Bd2
Bb4 16. Bxb4 Qxb4 17. a3 Qa5 18. a4 b4 19. Ng3 O-O-O 20. Qf3 Kb7 21. Rac1 Qc7
22. a5 Ka7 23. Ra1 Rb8 24. Ra4 Rb7 25. Rc1 Rh4 26. h3 Nb8 27. Qf2 Ne8 28. Rf1
Qd8 29. e4 $2 {Dazu steht Weiß nicht parat; der Punkt d4 wird böse geschwächt.}
(29. Qd2 $5 Ka8 30. Rf2 {hätte zu Bauerngewinn geführt:} g5 31. Rxb4 Rxb4 (
31... Qxa5 $2 32. Rxb7 Qxd2 33. Rxb8+ $18) 32. Qxb4 {mit Vorteil für Weiß.})
29... g5 30. f5 dxe4 31. Bc4 (31. Bxe4 exf5 32. Bxf5 Qxd4 {wäre fatal für Weiß.
}) 31... Rf4 32. Qe3 exf5 33. Nxf5 Rxf1+ (33... g6 $5 34. Nd6 Nxd6 35. cxd6
Qxd6 36. d5+ c5 {sieht noch gefährlicher für Weiß aus.}) 34. Bxf1 g6 35. Nd6
Nxd6 36. cxd6 Qxd6 37. d5+ c5 {Es scheint mir eine Fehleinschätzung von
Schwarz zu sein, ins Unentschieden einzuwilligen. Er läuft keine Gefahr; der
Turm des Weißen steht auf a4 außer Spiel, und der Bauer auf d5 ist schwach.
Nach 38.De4: Te7 gibt der Besitz der e-Libie dem Schwarzen hübsche
Möglichkeiten.} 1/2-1/2

[Event "EU-chT (Men) 14th"]
[Site "Plovdiv"]
[Date "2003.10.18"]
[Round "7.1"]
[White "Kozul, Zdenko"]
[Black "Shirov, Alexei"]
[Result "0-1"]
[WhiteElo "2597"]
[BlackElo "2737"]
[Annotator "Huebner,R"]
[PlyCount "85"]
[EventDate "2003.10.10"]
[EventType "team-swiss"]
[EventRounds "9"]
[EventCountry "BUL"]
[SourceTitle "CBM 098"]
[Source "ChessBase"]
[SourceDate "2004.02.03"]
[SourceVersion "1"]
[SourceVersionDate "2004.02.03"]
[SourceQuality "1"]
[WhiteTeam "Croatia"]
[BlackTeam "Spain"]
[WhiteTeamCountry "CRO"]
[BlackTeamCountry "ESP"]

1. d4 d5 2. c4 c6 3. e3 Nf6 4. Nc3 a6 5. Bd3 b5 6. b3 Bg4 7. Qc2 Nbd7 8. h3 (8.
Nge2 e5 9. h3 Be6 10. cxd5 cxd5 11. dxe5 Nxe5 12. O-O Bd6 13. Bb2 O-O 14. Nd4
Rc8 15. Qd1 Bb8 $11 {0-1 Doroshkievich,V-Alavkin,A/Togliatty 2001/CBM 83 ext 
(31). (31)}) 8... Bh5 9. f4 {Weiß will den Vorstoß e7-e5 verhindern.} (9. Nge2
e5 10. cxd5 cxd5 11. dxe5 Nxe5 12. Nf4 {verdient Prüfung.}) 9... bxc4 10. bxc4
dxc4 11. Bxc4 e6 {Die Struktur der weißen Stellung gefällt mir nicht.} 12. Nge2
Bb4 13. O-O O-O 14. g4 $6 (14. Bd2 $11) 14... Bg6 15. f5 exf5 16. gxf5 Bh5 17.
Nf4 Nb6 18. Bb3 (18. Bd3 {sieht besser aus; es ist wichtig das Feld e4 unter
Beobachtung zu halten.}) 18... Bxc3 19. Qxc3 Nbd5 20. Qe1 $2 (20. Qxc6 {
muß versucht werden:} Rc8 (20... Nxf4 21. Rxf4 {sieht jedenfalls nicht
gefährlich für Weiß aus.}) 21. Qxa6 Rxc1 {scheint nicht korrekt zu sein:} 22.
Raxc1 Nxe3 23. Nxh5 Nxh5 24. Bxf7+ Kh8 25. Bxh5 Qg5+ 26. Bg4 Nxg4 27. hxg4 (27.
Qe2 $5) 27... Qxg4+ 28. Kf2 Qxd4+ 29. Kg3 Qe3+ 30. Kh2 Qd2+ 31. Kh1 Qd5+ 32.
Kg1 Qd4+ 33. Rf2 Qg4+ 34. Kf1 Qh3+ 35. Ke2 Re8+ 36. Kd1 Qh1+ 37. Kc2 Qe4+ 38.
Qd3 Rc8+ 39. Kd2 Qxd3+ 40. Kxd3 Rxc1 41. Rc2 Rd1+ 42. Ke2 Rd8 43. a4 Ra8 44. a5
g6 {Schwarz hält wohl soeben remis.}) 20... Re8 21. Qh4 Re4 22. Bc2 Rxf4 23.
Rxf4 (23. exf4 Nb4 {, und Schwarz gewinnt.}) 23... Nxf4 24. Qxf4 Qa5 25. Qf2
Re8 26. a4 {Weiß stellt dem Gegner das Feld d5 für die Dame zur Verfügung.} (
26. Bb2 {ist zäher.}) 26... Qd5 27. Bd2 Bf3 {Nun dürfte Weiß strategisch auf
Verlust stehen.} 28. Rc1 Be4 29. Bd1 Qd7 (29... Bxf5 30. Rc5 Qa2 31. Rxf5 Ne4
32. Qg2 Qxd2 33. Qxd2 Nxd2 34. Rc5 {führt keineswegs zu einem klaren Ergebnis.}
) 30. Rc5 h6 31. Re5 Rb8 (31... Rxe5 32. dxe5 Nd5 33. Bg4 c5 {sieht auch
äußerst ungemütlich für Weiß aus.}) 32. Be2 Rb1+ 33. Kh2 $2 ({Nur mit} 33. Be1
{konnte Weiß Widerstand leisten.}) ({oder mit} 33. Bf1 {zum Beispiel} Bd3 34.
Be1 Ne4 35. Qh4 Bxf1 36. Kxf1 Nd2+ 37. Ke2 Nc4 38. Rc5 Rb2+ 39. Kf3 Rb3 40. Bf2
Ra3 41. Qf4 {und die Lage bleibt unklar.}) 33... Qb7 (33... Qd6 {gewinnt auf
der Stelle:} 34. Qf4 Rb2) 34. Kg3 Rb2 (34... c5 {führt zu entscheidenden
Linienöffnungen.}) 35. Qe1 Qb3 36. Qc1 Rb1 37. Qc3 Rg1+ 38. Kf2 Qb1 39. Be1
Rg2+ 40. Kf1 Rh2 (40... Nd5 $19) 41. Qb4 Qa2 42. Qc4 Qb2 43. Qb4 0-1

[Event "Capablanca Memorial Elite 39th"]
[Site "Havana"]
[Date "2004.05.17"]
[Round "10"]
[White "Bruzon Batista, Lazaro"]
[Black "Ramirez Alvarez, Alejandro"]
[Result "1-0"]
[WhiteElo "2602"]
[BlackElo "2542"]
[Annotator "Huebner,R"]
[PlyCount "65"]
[EventDate "2004.05.06"]
[EventType "tourn"]
[EventRounds "11"]
[EventCountry "CUB"]
[EventCategory "13"]
[SourceTitle "CBM 101"]
[Source "ChessBase"]
[SourceDate "2004.07.27"]
[SourceVersion "1"]
[SourceVersionDate "2004.07.27"]
[SourceQuality "1"]

1. d4 d5 2. c4 c6 3. Nc3 Nf6 4. e3 a6 5. Qc2 Bg4 6. f3 Bh5 7. Qb3 b5 8. cxd5
cxd5 9. g4 Bg6 10. g5 Nfd7 11. h4 $6 ({Nach} 11. Qxd5 Ra7 12. e4 e6 13. Qb3 Bd6
14. Be3 {hat Weiß einen gesunden Mehrbauern.}) 11... h6 $2 (11... Nb6 {führt
zu etwa gleichem Spiel.}) (11... e6 12. h5 Bf5 13. e4 dxe4 (13... Nc6 14. exf5
Nxd4 15. Qd1 Nxf5 16. Bd3 {ist unbefriedigend für Schwarz.}) 14. fxe4 Bg4 15.
Rh4 {muß vermieden werden.}) 12. h5 hxg5 (12... Bh7 13. Qxd5 Ra7 14. gxh6 gxh6
15. e4 {ist auch nicht ganz befriedigend für Schwarz.}) 13. hxg6 Rxh1 14. Qxd5
Qc7 $2 {Schwarz sollte dem Gegner keinen Bauern auf f7 gestatten. Nach} (14...
fxg6 15. Qxa8 (15. Nh3 Nb6) 15... Rxg1 16. Bd2 Qc7 17. Ne2 Rh1 18. Rc1 Qh2 {
ist der Kampf noch nicht zu Ende.}) 15. gxf7+ Kd8 16. Nh3 (16. Qxa8 Qg3+ 17.
Ke2 Qxg1 18. Bd2 Qh2+ 19. Kd3 Nb6 20. Qb7 Nc4 21. Ne4 {führt ebenfalls zum
Gewinn. Der Textzug ist einfacher, weil die Stellung übersichtlich bleibt.})
16... Ra7 17. f4 Qc6 18. Nxg5 Qh6 19. Bd2 Qh4+ 20. Ke2 Kc8 21. Nxb5 $18 Rh2+ ({
Auf} 21... axb5 {folgt} 22. Rc1+ Rc7 23. Rxc7+ Kxc7 24. Bg2 {, und Weiß
gewinnt.}) 22. Kd3 axb5 23. Ne6 Rxd2+ 24. Kxd2 Qf2+ 25. Be2 Nb6 26. Rc1+ Nc4+
27. Rxc4+ bxc4 28. Qc5+ Kb7 29. Nd8+ Ka8 30. Qd5+ Nc6 31. Qxc6+ Kb8 32. Qb6+
Ka8 33. Nc6 1-0